Visualizzazione normale
Vista MARC
- Bosco, Margherita,
di Personal Name
Records bibliografici associati: 1
001 - CONTROL NUMBER
- control field: 2051
003 - CONTROL NUMBER IDENTIFIER
- control field: IT-RoINE
005 - DATE AND TIME OF LATEST TRANSACTION
- control field: 20131212132158.0
008 - FIXED-LENGTH DATA ELEMENTS
- fixed length control field: 131212|| aca||aabn | a|a d
040 ## - CATALOGING SOURCE
- Original cataloging agency: IT-RoINE
- Transcribing agency: IT-RoINE
100 ## - HEADING--PERSONAL NAME
- Personal name: Bosco, Margherita,
- Dates associated with a name: 1788-1856
- General subdivision: Biografía
670 ## - SOURCE DATA FOUND
- Source citation: Work cat.: (IT-RoINE): Castellino, Francesca 2050, La mamma di don Bosco /, [1929]